| 000 | 00000nam 2200000zi 4500 |
| 001 | 9.928307 |
| 003 | CaOODSP |
| 005 | 20250107144059 |
| 006 | m o d f |
| 007 | cr cn||||||||| |
| 008 | 231006t19921992oncd obs f000 0 eng d |
| 020 | |z0662588924 |
| 040 | |aCaOODSP|beng|erda|cCaOODSP |
| 043 | |an-cn--- |
| 086 | 1 |aCo22-113/1992E-PDF|zCo22-113/1992 |
| 245 | 00|aReading in Canada, 1991 / |cEkos Research Associates Inc. |
| 246 | 34|aReading in Canada, 1991 : |bhighlights |
| 264 | 1|a[Ottawa] : |bCommunications Canada, |c[1992] |
| 264 | 4|c©1992 |
| 300 | |a1 online resource (38 pages) : |bgraphs |
| 336 | |atext|btxt|2rdacontent |
| 337 | |acomputer|bc|2rdamedia |
| 338 | |aonline resource|bcr|2rdacarrier |
| 500 | |aIssued also in French under title: La lecture et les Canadiens en 1991. |
| 500 | |aDigitized edition from print [produced by Innovation, Science and Economic Development Canada]. |
| 504 | |aIncludes bibliographical references. |
| 650 | 0|aBooks and reading|zCanada. |
| 650 | 0|aBooks and reading|zCanada|vStatistics. |
| 655 | 7|aStatistics|2lcgft |
| 710 | 1 |aCanada. |bCommunications Canada, |eissuing body. |
| 710 | 2 |aEkos Research Associates, |econsultant. |
| 775 | 08|tLa lecture et les Canadiens en 1991 / |w(CaOODSP)9.928327 |
| 856 | 40|qPDF|s2.08 MB|uhttps://publications.gc.ca/collections/collection_2023/isde-ised/co22/Co22-113-1992-eng.pdf |